00855nam a2200205Ia 4500008004100000020001800041082001500059100001700074245007800091300003400169500010800203650015400311700001800465264002800483336002700511337003300538338002800571040003500599999001500634161108s9999 xx 000 0 und d a9788429128048 a333.7 C65i aCommon, Mick aIntroducción a la economía ecológica /c Mick Common y Sigrid Stagl axxix, 562 páginas ;c 24 cm aTítulo original: Ecological economics. An introduction \\ Incluye referencias e índice alfabético aEcologia - Aspectos Economicos / Desarrollo Economico - Aspectos Ambientales / Economia Y Medio Ambiente / Economia Ambiental / Desarrollo Sostenible aStagl, Sigrid aBarcelona :b Reverté atextobtxt2rdacontent asin mediaciónbn2rdamedia avolumenbnc2rdacarrier aCO-BoRNBPbspaerdacCO-BoRNBP c7442d7442